LEADER 00756nam a2200241 i 4500 001 991004376936707536 005 20250415104603.0 008 250415s1995 it er 001 0 ita d 020 $a8824104169 040 $aBibl. Dip.le Aggr. Studi Umanistici - Sez. Filosofia$bita$cSocioculturale Scs 041 0 $aita 082 04$a823.7$223 100 1 $aAusten, Jane$0131233 245 10$aL'abbazia di Northanger /$cJane Austen ; a cura di Malcolm Skey ; traduzione di Linda Gaia 260 $aRoma;$aNapoli :$bTheoria,$c1995 300 $a274 p. ;$c21 cm 490 1 $aClassici ;$v6 700 1 $aSkey, Malcolm 700 1 $aGaia, Linda 830 0$aClassici ;$v6 912 $a991004376936707536 996 $aAbbazia di Northanger$9184196 997 $aUNISALENTO